Website quản lý đào tạo tín chỉ

Giới thiệu đề tài. Kết quả thực hiện đề tài. Sơ đồ USE CASE. Sơ đồ lớp. Sơ đồ thực thể quan hệ. Giao diện.

محفوظ في:
التفاصيل البيبلوغرافية
المؤلف الرئيسي: Trần, Thị Lan
مؤلفون آخرون: Nguyễn Văn Lành Th.S (Hướng dẫn)
التنسيق: كتاب
اللغة:Vietnamese
منشور في: Đại học Đà Nẵng Đại học Sư phạm 2007
الموضوعات:
الوسوم: إضافة وسم
لا توجد وسوم, كن أول من يضع وسما على هذه التسجيلة!
Thư viện lưu trữ: Mạng thư viện Đại học Đà Nẵng
LEADER 01367nam a2200349 4500
001 000012694
003 9005
005 20120227140229.0
008 120227s2007 viesd
041 |a vie 
072 |a Khóa luận tốt nghiệp 
082 |a 006.7068  |b TR-L 
100 |a Trần, Thị Lan 
245 |a Website quản lý đào tạo tín chỉ  |c Trần Thị Lan 
260 |a Đại học Đà Nẵng  |b Đại học Sư phạm  |c 2007 
300 |a 9 tr.  |c 29 cm 
500 |a Khóa luận tốt nghiệp khoa Toán Tin. Ngành: Công nghệ Thông tin. Lớp 031 CCTT01 
520 |a Giới thiệu đề tài. Kết quả thực hiện đề tài. Sơ đồ USE CASE. Sơ đồ lớp. Sơ đồ thực thể quan hệ. Giao diện. 
653 |a Website 
653 |a Đào tạo 
653 |a Tín chỉ 
700 |a Nguyễn Văn Lành  |c Th.S  |e Hướng dẫn 
OWN |a LSP 
AVA |a UDN50  |b LSP  |d 006.7068 TR-L  |e available  |t Error 5001 Not defined in file expand_doc_bib_avail.  |f 2  |g 0  |h N  |i 0  |k 1 
999 |a From the UDN01 
AVA |a UDN50  |b LSP  |d 006.7068 TR-L  |e available  |t Error 5001 Not defined in file expand_doc_bib_avail.  |f 2  |g 0  |h N  |i 0  |k 1 
TYP |a Monograph 
TYP |a Printed language 
980 |a Mạng thư viện Đại học Đà Nẵng